Ευρωπαϊκό Κοινοτικό Δίκαιο Ι / Β' 'Εκδοση Αναθεωρημένη και Συμπληρωμένη (Record no. 2050)
[ view plain ]
| 000 -LEADER | |
|---|---|
| fixed length control field | 02386cam a22001934a 4500 |
| 005 - ΗΜΕΡΟΜΗΝΙΑ ΚΑΙ ΩΡΑ ΤΕΛΕΥΤΑΙΑΣ ΕΝΗΜΕΡΩΣΗΣ | |
| Πεδίο ελέγχου | 20250605164029.0 |
| 008 - FIXED-LENGTH DATA ELEMENTS--GENERAL INFORMATION | |
| Πεδίο ελέγχου σταθερού μήκους | 250528s ||||||||||||||||||||||||d |
| 035 ## - SYSTEM CONTROL NUMBER | |
| System control number | 16558 |
| 040 ## - ΠΗΓΗ ΚΑΤΑΛΟΓΟΓΡΑΦΗΣΗΣ | |
| Φορέας πρωτότυπης καταλογογράφησης | MC Athens Campus Library |
| Γλώσσα καταλογογράφησης | Ελληνικά, Μοντέρνα (1453-) |
| Modifying agency | MC Athens Campus Library |
| Κανόνες περιγραφικής καταλογογράφησης | AACR2 |
| 245 1# - ΤΙΤΛΟΣ ΚΑΙ ΔΗΛΩΣΗ ΥΠΕΥΘΥΝΟΤΗΤΑΣ | |
| Τίτλος | Ευρωπαϊκό Κοινοτικό Δίκαιο Ι / Β' 'Εκδοση Αναθεωρημένη και Συμπληρωμένη |
| 250 ## - EDITION STATEMENT | |
| Edition statement | 2η |
| 260 ## - PUBLICATION, DISTRIBUTION, ETC. | |
| Name of publisher, distributor, etc. | Αντ. Ν. Σάκκουλα, |
| Date of publication, distribution, etc. | 1985 |
| 300 ## - PHYSICAL DESCRIPTION | |
| Extent | 588 |
| 520 ## - SUMMARY, ETC. | |
| Summary, etc. | Η Ενοποίηση της Ευρώπης και η Ευρωπαϊκή Κοινότητα, Προσχώρηση και Συμμετοχή στην Ευρωπαϊκή Κοινότητα, Η Ευρωπαϊκή Κοινότητα και τα Κράτη Μέλη, Οι Πηγές του Κοινοτικού Δικαίου, Το Πρωτογενές Κοινοτικό Δίκαιο, Το Δευτερογενές (Παράγωγο) Κοινοτικό Δίκαιο, Οι Γενικές Αρχές του Κοινοτικού Δικαίου, Μη Κανονιστικές Πράξεις των Κοινοτικών Οργάνων, Προσχώρηση και Συμμετοχή στην Ευρωπαϊκή Κοινότητα, Η Ευρωπαϊκή Κοινότητα και τα Κράτη Μέλη, Οι Πηγές του Κοινοτικού Δικαίου, Κατηγορίες και Ισχύς των Πηγών, Το Πρωτογενές Κοινοτικό Δίκαιο, Το Δευτερογενές (Παράγωγο) Κοινοτικό Δίκαιο, Οι Γενικές Αρχές του Κοινοτικού Δικαίου, Μη Κανονιστικές Πράξεις των Κοινοτικών Οργάνων, Κοινοτικό Δίκαιο και Εθνικό Δίκαιο και Διεθνές Δίκαιο, Η Υπεροχή του Κοινοτικού Δικαίου Έναντι των Εθνικών Δικαίων, Η Άμεσης Ισχύς Κανόνων του Κοινοτικού Δικαίου, Κοινοτικό Δίκαιο και Διεθνές Δίκαιο, Οργάνωση της Ευρωπαϊκής Κοινότητας, Ατομικά Δικαιώματα, Έννομη Προστασία, Η Παραπομπή Προδικαστικών Ζητημάτων, Ευρετήρια. |
| 700 1# - ΠΡΟΣΘΕΤΗ ΑΝΑΓΡΑΦΗ--ΦΥΣΙΚΟ ΠΡΟΣΩΠΟ | |
| Personal name | Δαγτόγλου Π. Δ |
| 9 (RLIN) | 2653 |
| 942 ## - ADDED ENTRY ELEMENTS (KOHA) | |
| Koha item type | Books |
| Τύπος τεκμηρίου | Βιβλιοθήκη | Τρέχουσα τοποθεσία | Barcode | Αριθμός εισαγωγής | Ημερομηνία απόκτησης | Ταξιθετικό σύμβολο | Αριθμός αντιτύπου | Κατάσταση απόσυρσης | Κατάσταση χαμένου | Κατάσταση κατεστραμμένου | Μη δανεισμός | Σύνολο δανεισμών | Ημερομηνία τελευταίας εμφάνισης | Η τιμή ισχύει από |
|---|---|---|---|---|---|---|---|---|---|---|---|---|---|---|
| Books | MC Athens Campus Library | MC Athens Campus Library | 9780000020499 | 4262 | 05/06/2025 | 341.242 DAG | 1 | 05/06/2025 | 05/06/2025 |